The performance of social landlords in Great Britain: what do we know and what does it show? (Record no. 74319)
[ view plain ]
| 000 -LEADER | |
|---|---|
| fixed length control field | 01503cab a2200241 4500 |
| 001 - CONTROL NUMBER | |
| control field | ABS67630 |
| 008 - FIXED-LENGTH DATA ELEMENTS--GENERAL INFORMATION | |
| fixed length control field | 040329n2004 000 0 eng u |
| 035 ## - SYSTEM CONTROL NUMBER | |
| System control number | (Sirsi) u125650 |
| 100 ## - MAIN ENTRY--PERSONAL NAME | |
| Personal name | Walker, B. |
| 245 #4 - TITLE STATEMENT | |
| Title | The performance of social landlords in Great Britain: what do we know and what does it show? |
| 260 ## - PUBLICATION, DISTRIBUTION, ETC. | |
| Date of publication, distribution, etc. | 2004 |
| 490 ## - SERIES STATEMENT | |
| Series statement | Housing Studies |
| Volume/sequential designation | 19(2) March 2004, 245-267(23) |
| 520 ## - SUMMARY, ETC. | |
| Summary, etc. | Studies the factors that influence the performance of social landlords in the local authority and housing association sectors, the relative effectiveness of both sectors in delivering social housing services and why some landlords within each sector deliver better services than others. Discusses some of the broad issues involved in performance measurement in social housing and reviews previous work in the field. Presents and interprets the results of a limited empirical study attempting to explain the differences in measured performance of social landlords in England. Concludes by reflecting on the implications of performance and the current approaches to social landlord performance measurement. Tables covering comparative data from the empirical study. References. [Taken from journal abstract]. |
| 590 ## - LOCAL NOTE (RLIN) | |
| Local note | ABS |
| 650 ## - SUBJECT ADDED ENTRY--TOPICAL TERM | |
| Topical term or geographic name entry element | SOCIAL LANDLORDS |
| 650 ## - SUBJECT ADDED ENTRY--TOPICAL TERM | |
| Topical term or geographic name entry element | LOCAL AUTHORITY HOUSING |
| 650 ## - SUBJECT ADDED ENTRY--TOPICAL TERM | |
| Topical term or geographic name entry element | HOUSING ASSOCIATIONS |
| 650 ## - SUBJECT ADDED ENTRY--TOPICAL TERM | |
| Topical term or geographic name entry element | REGISTERED SOCIAL LANDLORDS |
| 650 ## - SUBJECT ADDED ENTRY--TOPICAL TERM | |
| Topical term or geographic name entry element | PERFORMANCE MEASUREMENT |
| 690 ## - LOCAL SUBJECT ADDED ENTRY--TOPICAL TERM (OCLC, RLIN) | |
| Topical term or geographic name as entry element | Affordable housing |
| 9 (RLIN) | 6215 |
| 700 ## - ADDED ENTRY--PERSONAL NAME | |
| Personal name | Murie, A. |
| 942 ## - ADDED ENTRY ELEMENTS (KOHA) | |
| Suppress in OPAC | 0 |
| Withdrawn status | Lost status | Source of classification or shelving scheme | Damaged status | Not for loan | Home library | Current library | Shelving location | Date acquired | Total Checkouts | Full call number | Barcode | Date last seen | Copy number | Price effective from | Koha item type |
|---|---|---|---|---|---|---|---|---|---|---|---|---|---|---|---|
| Dewey Decimal Classification | London | London | Journal article | 29/03/2004 | ABS67630 | 125650-1001 | 06/08/2019 | 1 | 06/08/2019 | Journal article |